000 00676 a2200193 4500
010 _aENG-85498
020 _c255.00
035 _aEN-69031
037 _bD.B.Act / Pub
082 1 4 _a346.077
090 _c2819
_d2819
100 1 _aKabra, Mahesh Shriniwas
245 1 _aDebts recovery tribunal guide to bank & borrower
_cby Mahesh Shriniwas Kabra
260 _aAhmed Nagar
_bMaheshwari Prakashan
_c2006
270 _a3458, Khist Galli, NR. Karanja
_bAhmednagar
_e414 001
_k9371505083
_mmskabra@reddifmail.com
300 _a305 p.
_c23 cm (Pbk.)
942 _adp
_cEN
_k346.077 / KAB
999 _c2765
_d2765